| 000 | 00490nam a22001457a 4500 | ||
|---|---|---|---|
| 999 |
_c533580 _d533580 |
||
| 020 | _qHard Cover. | ||
| 082 | _a624.1 | ||
| 100 | _aTaimur | ||
| 245 |
_aThe effect of high temperature on mechanical and material response of recycled aggregates high strength concrete / _cTaimur. |
||
| 260 |
_aIslamabad: _bSCEE - NUST, _c2017. |
||
| 300 |
_a79 p. : _bill. ; _c30cm. |
||
| 942 |
_2ddc _cTHE |
||
| 700 |
_aDr. Rao Arsalan Kushnood _927532 |
||